Vigencia y caducidad de las tradiciones cristianas /
Kolakowski indaga cuáles pueden ser los puntos de contacto entre el "catolicismo aperturista" y el "humanismo ateo" para dilucidar qué es lo vigente y qué lo caduco en las tradiciones cristianas. Detecta los valores que desde la doctrina de Jesús han incidido espiritualmente en Europa y el mundo. Es...
Guardat en:
| Autor principal: | |
|---|---|
| Format: | Llibre |
| Idioma: | espanyol |
| Publicat: |
Buenos Aires, Argentina :
Amorrortu,
1973, c1973
|
| Col·lecció: | (Biblioteca de Filosofía, Antropología y Religión)
|
| Matèries: | |
| Etiquetes: |
Sense etiquetes, Sigues el primer a etiquetar aquest registre!
|
MARC
| LEADER | 00000nam^a2200000^a^4500 | ||
|---|---|---|---|
| 001 | 000027758 | ||
| 005 | 20250521000000.0 | ||
| 009 | 20260310084823.216 | ||
| 037 | |a Acervo ITESO - Biblioteca | ||
| 041 | |a ESP | ||
| 082 | |a 201. |b KOL | ||
| 100 | |a Kolakowski, Leszek |e (autor) | ||
| 245 | 1 | 0 | |a Vigencia y caducidad de las tradiciones cristianas / |c L. Kolakowski ; tr. por Ramón Bilbao. |
| 264 | 4 | |a Buenos Aires, Argentina : |b Amorrortu, |c 1973, c1973 | |
| 300 | |a 153 p. | ||
| 336 | |a texto |b txt |2 rdacontenido | ||
| 337 | |a sin mediación |b n |2 rdamedio | ||
| 338 | |a volumen |b nc |2 rdasoporte | ||
| 440 | 1 | |a (Biblioteca de Filosofía, Antropología y Religión) | |
| 500 | |a Traducción de: Geist und Ungeist christlicer Traditionen | ||
| 520 | |a Kolakowski indaga cuáles pueden ser los puntos de contacto entre el "catolicismo aperturista" y el "humanismo ateo" para dilucidar qué es lo vigente y qué lo caduco en las tradiciones cristianas. Detecta los valores que desde la doctrina de Jesús han incidido espiritualmente en Europa y el mundo. Estudia la vigencia actual de determinados pensadores o momentos de la historia del cristianismo. | ||
| 649 | |a XX | ||
| 650 | |a Humanismo | ||
| 650 | |a Catolicismo | ||
| 650 | |a Cristianismo - |x Filosofía - |x Tema Principal | ||
| 650 | |a Cristianismo - |x Historia | ||
| 650 | |a Religión - |x Filosofía | ||
| 650 | |a Filosofía del Siglo XX | ||
| 910 | |a Fondo General | ||
| 920 | |a Impresos - Libros | ||
| 930 | |a Colección General | ||
| 905 | |a 101 | ||
| 901 | |a 0277580100 |b IT1 |c ACC |i 027758 |u 20250521 | ||
| 902 | |a https://opac.biblio.iteso.mx/vufind/Record/000027758 | ||